Linie tramwajowe w Łodzi (stan na 26.03.2026) - Statystyki

Ogólne statystyki
  • Ten quiz został rozwiązany 122 razy
    7 od ostatniego zresetowania
  • Średni wynik to 33 z 45
Statystyki odpowiedzi
Hint Odpowiedź % Poprawnych
12 Stoki
100%
15 Stoki
100%
5 Teofilów
100%
8 Teofilów
100%
17 Chocianowice Ikea
75%
41 Chocianowice Ikea
75%
5 Chojny Kurczaki
75%
6 Chojny Kurczaki
75%
15 Chojny Kurczaki
75%
16 Chojny Kurczaki
75%
7 Cm. Zarzew
75%
8 Cm. Zarzew
75%
1 Doły
75%
6 Doły
75%
2 Dw. Łódź Dąbrowa
75%
4 Dw. Łódź Dąbrowa
75%
14 Dw. Łódź Dąbrowa
75%
4 Helenówek
75%
11 Helenówek
75%
14 Karolew
75%
2 Kochanówka
75%
16 Kochanówka
75%
43 Konstantynów Łódzki Pl. Wolności
75%
9 Olechów
75%
10B Olechów
75%
11 Plac Niepodległości
75%
10A Retkinia
75%
10B Retkinia
75%
12 Retkinia
75%
14W Retkinia
75%
18 Retkinia
75%
15W Telefoniczna Zajezdnia
75%
17 Telefoniczna Zajezdnia
75%
18 Telefoniczna Zajezdnia
75%
45 Telefoniczna Zajezdnia
75%
3 Widzew Augustów
75%
10A Widzew Augustów
75%
7 Cm. Ogrodowa
50%
16W Dw. Łódź Żabieniec
50%
9 Dworzec Łódź Fabryczna
50%
1 Kilińskiego/Mochnackiego
50%
43 Legionów/Włókniarzy
50%
41 Pabianice WIejska
50%
3 Rondo Powstańców 1863r.
50%
45 Zgierz Pl. Kilińskiego
50%
Nie znaleziono quizów pasujących do podanych kryteriów
Rozkład punktacji
Procent ludzi z każdym wynikiem
Percentyl według liczby udzielonych odpowiedzi
Twoja historia wyników
Nie rozwiązałeś tego quizu od ostatniego zresetowania